Návrh zlepšenia systému manažérstva kvality a príslušnej dokumentácie v spoločnosti OFZ, a.s.

Uložené v:
Podrobná bibliografia
Hlavný autor: Babinský, Jozef (Autor)
Ďalší autori: Baran, Dušan (Vedúci práce)
Médium: Rukopis Kniha
Jazyk:Slovak
Vydavateľské údaje: 2020
Predmet:
On-line prístup:http://is.stuba.sk/zp/portal_zp.pl?podrobnosti=151916
Tagy: Pridať tag
Žiadne tagy, Buďte prvý, kto otaguje tento záznam!

MARC

LEADER 00000ntm a22000003a 4500
001 stuzp72860
003 SK-STU
005 20200704210616.6
007 ta
008 150427s2015----xo-----f-mn---000-0-slo-d
040 |a STU  |b slo 
041 0 |a slo 
100 1 |a Babinský, Jozef  |u 064000  |k Z4  |4 aut  |U MTF Materiálovotechnologická fakulta  |T MTF Ústav priemyselného inžinierstva a manažmentu  |X 65511  |U M4000  |Y 84  |7 65511 
242 0 1 |a Proposal to improve the quality management system and relevant documentation in OFZ, a.s.  |y eng 
245 1 0 |a Návrh zlepšenia systému manažérstva kvality a príslušnej dokumentácie v spoločnosti OFZ, a.s. 
260 |c 2020 
650 4 |a systém manažérstva kvality  |2 slo 
650 4 |a nástroje a metódy  |2 slo 
650 4 |a dokumentácia  |2 slo 
650 4 |a quality management system  |2 eng 
650 4 |a tools and methods  |2 eng 
650 4 |a documentation  |2 eng 
700 1 |a Baran, Dušan  |u 064000  |k Z8  |4 ths  |U MTF Materiálovotechnologická fakulta  |T MTF Ústav priemyselného inžinierstva a manažmentu  |X 1021  |U M4000  |Y 84  |7 A000001021 
856 4 |u http://is.stuba.sk/zp/portal_zp.pl?podrobnosti=151916 
996 |c M* DP-14126  |l MMSKP  |s P  |a 0  |w stuzp72860_0001